Normal view MARC view

Entry Personal Name

Number of records used in: 3

001 - CONTROL NUMBER

  • control field: 70031

003 - CONTROL NUMBER IDENTIFIER

  • control field: dpl

005 - DATE AND TIME OF LATEST TRANSACTION

  • control field: 20240814122550.0

008 - FIXED-LENGTH DATA ELEMENTS

  • fixed length control field: 240814|| aca||aabn | a|a d

040 ## - CATALOGING SOURCE

  • Original cataloging agency: dpl
  • Transcribing agency: dpl

100 ## - HEADING--PERSONAL NAME

  • Personal name: रेमी कुमारी

670 ## - SOURCE DATA FOUND

  • Source citation: Work cat.: (dpl)205032: श्रीवास्तव, राजीव 70030, सात सूरो का मेला /, 2020

© Delhi Public Library
Hit Counter
free hit counter